| 000 | 00834nam a22001817a 4500 | ||
|---|---|---|---|
| 008 | 100623s1990 ju|||||| ||| 00| 0aarad | ||
| 082 |
_222 _a190 _bض ا ه |
||
| 100 |
_915103 _aضاهر، عادل |
||
| 245 |
_aنقد الفلسفة الغربية: _bالأخلاق والعقل / _cعادل ضاهر |
||
| 260 |
_aعمان، الأردن : _b1990 ، دار الشروق للنشر والتوزيع _c1990 |
||
| 300 |
_a519 ص ؛ _c24 سم |
||
| 504 | _aببليوجرافية: ص 509-514 | ||
| 541 |
_aدار الشروق ؛ _cشراء ؛ |
||
| 650 |
_915104 _aالفلسفة الغربية |
||
| 650 |
_915106 _aالأخلاق، علم |
||
| 942 |
_2ddc _cBB _k190 ض ا ه |
||
| 999 |
_c14177 _d14177 |
||